• 首页
  • 本馆介绍
  • 公告通知
  • 最新文献
  • 馆藏检索
  • 电子资源
  • 读者导购
  • 参考咨询
  • 我的图书馆
  • 登录
  • 详细信息显示
  • 放入我的书架
  • 预约/预借图书
  • 作者相关作品
  • 分类相关作品
  • 丛书相关作品
  • 出版社相关作品

书目信息

  • 表格格式
  • 工作单格式
  • 卡片格式
题名:
平天下
    
 
作者: ;人民日报 编著
分册:  
出版信息: 北京   人民出版社  2016
页数: 281页
开本: 24cm
丛书名:
单 册:
中图分类: D092.2
科图分类:
主题词: 政治哲学--zheng zhi zhe xue--研究--中国--古代
电子资源:
ISBN: 978-7-01-016671-1
000 00865nam0 22002411 450
001 0127144058
005 20170427144058.0
010    @a978-7-01-016671-1@dCNY48.00
100    @a20161102d2016 em y0chiy50 ea
101 0  @achi
102    @aCN@b110000
105    @aa z 000yy
106    @ar
200 1  @a平天下@Aping tian xia@e中国古典政治智慧@f人民日报海外版“学习小组”编著
210    @a北京@c人民出版社@d2016
215    @a281页@c图@d24cm
330    @a本书整理了近两年引用率较高的一百三十余条古典名句,按《礼记·大学》的学问进阶,分为修身、齐家、治国、平天下四个篇目。
517 1  @a中国古典政治智慧@Azhong guo gu dian zheng zhi zhi hui
606 0  @a政治哲学@Azheng zhi zhe xue@x研究@y中国@z古代
690    @aD092.2@v5
711 02 @a人民日报@Aren min ri bao@b海外版@b学习小组@4编著
801  0 @aCN@bTANGWEI@c20170308
905    @b0966606-8@dD092.2@e158@f3
    
    平天下:中国古典政治智慧/人民日报海外版“学习小组”编著.-北京:人民出版社,2016
    281页:图;24cm
    
    
    ISBN 978-7-01-016671-1:CNY48.00
    本书整理了近两年引用率较高的一百三十余条古典名句,按《礼记·大学》的学问进阶,分为修身、齐家、治国、平天下四个篇目。
●
相关链接 在E读中查询图书 在五车中查询图书 在当当中查询图书 在豆瓣中查询图书


正题名:平天下     索取号:D092.2/158         预约/预借

序号 登录号 条形码 馆藏地/架位号 状态 备注
1 0966606   209666066   第一样本阅览室/ [索取号:D092.2/158] 在馆    
2 0966607   209666075   第一借阅区/ [索取号:D092.2/158] 在馆    
3 0966608   209666084   第一借阅区/ [索取号:D092.2/158] 在馆    
唐山师范学院图书馆 欢迎您!
大连网信软件有限公司© 版权所有